| 000 | 00724nam a2200241Ia 4500 | ||
|---|---|---|---|
| 003 | GCL | ||
| 008 | 140319s9999 xx 000 0 ara d | ||
| 040 |
_aGCL / _cGCL |
||
| 082 | 0 | 4 |
_a020 _bح م |
| 100 | 1 | _aحشمت قاسم | |
| 245 | 1 | 0 |
_aمدخل لدراسة المكتبات وعلم المعلومات / _cحشمت قاسم |
| 300 |
_a206 ص ؛ _c24 سم |
||
| 490 | _a | ||
| 650 | 0 | 4 | _aالمعلومات |
| 650 | 0 | 4 | _aالاجراءات الفنية |
| 650 | 0 | 4 | _aتصنيف الكتب |
| 650 | 0 | 4 | _aمراكز المعلومات |
| 650 | 0 | 4 | _aالمكتبيون |
| 650 | 0 | 4 | _aالمكتبات |
| 650 | 0 | 4 | _aالفهرسة الوصفية |
| 650 | 0 | 4 | _aالتزويد ( مكتبات ) |
| 942 |
_2ddc _cBK |
||
| 999 |
_c38793 _d38793 |
||